000 00867nam a2200253 i 4500
001 125212
003 ES-MaACL
005 20230906192559.0
007 t|
008 070507s1930 sp ||||1| spa d
080 _a86-221"19"
100 1 _aLópez de Haro, Rafael.
_973547
245 1 0 _aK-29
_b: comedia en tres actos /
_cRafael López de Haro y Emilio Gómez de Miguel ; dibujos de Merlo.
260 _aMadrid :
_bRivadeneyra,
_c1930.
300 _a63 p. ;
_c17 cm.
490 1 _aLa Farsa ;
_v163
500 _aEstrenada en el Teatro Pavón, de Madrid, la noche del 10 de octubre de 1930.
500 _aCubierta de este número: Raimunda de Gaspar en K-29.
700 1 _aGómez de Miguel, Emilio.
_957914
700 1 _aMerlo, Antonio.
_980579
830 0 _aLa Farsa ;
_v163
_9185863
852 _aES-MaACL
_j2222-F-15
_bR.140732
999 _c125212
_d125212